Urban planning in Malaysia : history,assumptions and issues

Bibliographic Details
Main Author: Goh, Ban Lee
Format: Book
Published: Petaling Jaya : Tempo Publishing , 1991
Subjects:

MARC

LEADER 00000cam a2200000 7i4500
001 0000003190
002 000003446
005 20000330.0
020 |a 9838880094 
090 0 0 |a 711.409595   |b GOH 
100 1 |a Goh, Ban Lee 
245 1 4 |a Urban planning in Malaysia :   |b history,assumptions and issues   |c Goh Ban Lee 
260 |a Petaling Jaya :   |b Tempo Publishing ,   |c 1991 
300 |a 299p. ;   |c 21cm. 
650 0 0 |a City planning   |z Malaysia 
650 0 0 |a Regional planning   |z Malaysia 
999 |a 036788   |b BUKU   |c MALAYSIANA   |e PERPUSTAKAAN KOMUNITI PETALING JAYA